| 000 | 01441cam a22003374a 4500 | ||
|---|---|---|---|
| 001 | 13118096 | ||
| 003 | NUST-PNEC | ||
| 005 | 20170116180658.0 | ||
| 008 | 030310s2003 nyua b 001 0 eng | ||
| 010 | _a 2003046326 | ||
| 020 | _a0071412085 | ||
| 040 |
_aDLC _cPNEC _dDLC |
||
| 042 | _apcc | ||
| 050 | 0 | 0 |
_aTS156 _b.Y33 2003 |
| 082 | 0 | 0 | _a658.562 |
| 100 | 1 | _aYang, Kai. | |
| 245 | 1 | 0 |
_aDesign for Six Sigma : _ba roadmap for product development / _cKai Yang, Basem El-Haik. |
| 260 |
_aNew York : _bMcGraw-Hill, _cc2003. |
||
| 300 |
_axvi, 624 p. : _bill. ; _c24 cm. |
||
| 500 | _ahttp://www.amazon.com/Design-Six-Sigma-Roadmap-Development/dp/0071547673/ref=sr_1_4?s=books&ie=UTF8&qid=1409989789&sr=1-4&keywords=0071412085 | ||
| 504 | _aIncludes bibliographical references (p. 611-617) and index. | ||
| 650 | 0 |
_aQuality control _xIME |
|
| 650 | 0 | _aExperimental design. | |
| 700 | 1 | _aEl-Haik, Basem. | |
| 856 | 4 | 2 |
_3Contributor biographical information _uhttp://www.loc.gov/catdir/bios/mh042/2003046326.html |
| 856 | 4 | 1 |
_3Table of contents _uhttp://www.loc.gov/catdir/toc/mh031/2003046326.html |
| 856 | 4 | 2 |
_3Publisher description _uhttp://www.loc.gov/catdir/enhancements/fy0704/2003046326-d.html |
| 906 |
_a7 _bcbc _corignew _d1 _eocip _f20 _gy-gencatlg |
||
| 942 |
_2ddc _cBK |
||
| 999 |
_c60454 _d60454 |
||